000 00715cam a22002413a 4500
001 31237
003 PGUSA
005 20140828083657.0
008 100209s2010||||xxu|||||s|||||000 | eng d
040 _aPGUSA
_beng
042 _adc
050 4 _aSB
100 1 _aCrawford, Matthew,
_d1839-1918
245 1 4 _aThe Gladiolus :
_bA Practical Treatise on the Culture of the Gladiolus
_h[electronic resource] /
_cMatthew Crawford
260 _bProject Gutenberg,
_c2010
500 _aSecond Edition, with Addenda
506 _aPublic domain in the USA.
516 _aElectronic text
653 _aGladiolus
830 0 _aProject Gutenberg
_v31237
856 4 0 _uhttp://www.gutenberg.org/ebooks/31237
942 _cEB
999 _c260492
_d260492